Five Letter Country Names In Asia - Statistics

General Stats
  • This quiz has been taken 82 times
  • The average score is 6 of 7
Answer Stats
Picture Answer % Correct
Japan
96%
China
91%
India
87%
Nepal
87%
Yemen
87%
Qatar
79%
Syria
72%
No matching quizzes found
Score Distribution
Percent of People with Each Score
Percentile by Number Answered
Your Score History
You have not taken this quiz